Normal view
MARC view
- History of the Pakistan Air Force
Entry Topical Term
001 - CONTROL NUMBER
- control field: 114000
003 - CONTROL NUMBER IDENTIFIER
- control field: NUST
005 - DATE AND TIME OF LATEST TRANSACTION
- control field: 20230805121610.0
008 - FIXED-LENGTH DATA ELEMENTS
- fixed length control field: 230805|| aca||aabn | a|a d
040 ## - CATALOGING SOURCE
- Original cataloging agency: NUST
- Transcribing agency: NUST
150 ## - HEADING--TOPICAL TERM
- Topical term or geographic name entry element: History of the Pakistan Air Force
670 ## - SOURCE DATA FOUND
- Source citation: Work cat.: (NUST): Hussain, Syed Shabbir Leader, Squadron Qureshi, M. Tariq 113999, History of the Pakistan Air Force, 1982.
